La producción de tecnología nuclear en Argentina (Registro nro. 15912)

Detalles MARC
000 -LEADER
fixed length control field 00406 a2200133 4500
001 - CONTROL NUMBER
control field ART_2694
005 - DATE AND TIME OF LATEST TRANSACTION
control field 20260410161709.0
008 - FIXED-LENGTH DATA ELEMENTS--GENERAL INFORMATION
fixed length control field 260409a
100 1# - MAIN ENTRY--PERSONAL NAME
Personal name Thomas, Hernán
245 10 - TITLE STATEMENT
Title La producción de tecnología nuclear en Argentina
700 1# - ADDED ENTRY--PERSONAL NAME
Personal name Versino, Mariana
700 1# - ADDED ENTRY--PERSONAL NAME
Personal name Lalouf, Alberto
773 0# - HOST ITEM ENTRY
Title Desarrollo económico
Related parts - Vol. 47, Nº 188 (ene./mar. 2008)
Record control number REV1174

No hay ítems disponibles.